| 000 | 00523cam a2200169 a 4500 | ||
|---|---|---|---|
| 020 | _a0697165744 (pbk.) | ||
| 040 | _cDLC | ||
| 082 | 0 | 0 | _a540 BRO 1997 A080 Or. |
| 100 | 1 | _aGebelein, Charles G. | |
| 245 | 1 | 0 | _aChemistry and our world / |
| 260 |
_aDubuque, IA : _bWm. C. Brown, _cc1997. |
||
| 300 |
_axvi, 609 p. : _bill. (some col.) ; _c28 cm. |
||
| 650 | 0 | _aChemistry. | |
| 856 | 4 | 2 | _uhttp://www.loc.gov/catdir/description/mh022/95083494.html |
| 856 | 4 | 1 | _uhttp://www.loc.gov/catdir/toc/mh022/95083494.html |
| 942 | _cEK | ||
| 999 |
_c15505 _d15505 |
||